Statistics for Greek Gods

Click here to take the quiz!

General Stats

  • This quiz has been taken 727 times
  • The average score is 12 of 15

Answer Stats

Hint Answer % Correct
Goddess of love, her sacred animals are doves and sparrowsAphrodite
95%
God of war, son of Zeus and HeraAres
95%
God of light, twin brother of ArtemisApollo
93%
Virgin goddess of hunt, daughter of Zeus and LetoArtemis
92%
Goddess of intelligence, crowned with crested helmAthena
90%
God of the underworld, god of earth's hidden wealthHades
89%
Queen of the heavens and goddess of marriage, wife of Zeus and daughter of Chronus and RheaHera
86%
God of the sea, also known as the "earth shaker"Poseidon
83%
God of gods, ruler of Mount Olympus, youngest son of Cronus and RheaZeus
81%
Goddess of agriculture, often crowned holding sheafs of wheatDemeter
79%
God of travel, son of Zeus and MaiaHermes
72%
Crippled god of fire, smith of the godsHephaestus
67%
God of wine, god of parties and festivalsDionysus
47%
Virgin goddess of chastity, sister of ZeusHestia
47%
The god of time, the father of ZeusChronos
43%

Score Distribution

Percentile by Number Answered

Percent of People with Each Score

Your Score History

You have not taken this quiz